| 000 | 00503nam a2200193 i 4500 | ||
|---|---|---|---|
| 001 | 135249 | ||
| 003 | ES-MaACL | ||
| 005 | 20230906194836.0 | ||
| 007 | t| | ||
| 008 | 070713s1970 sp ||||1| spa d | ||
| 080 | _a914.671.1 B(084) | ||
| 080 | _a7(467.11 B) | ||
| 245 | 0 | 0 | _aToda Barcelona. |
| 250 | _a1ª ed. | ||
| 260 |
_aBarcelona : _bF.I.S.A., _c1970. |
||
| 300 |
_a124 lám. en color ; _c25 cm. |
||
| 651 | 4 |
_aBarcelona- _vGuías turísticas. _97861 |
|
| 852 |
_aES-MaACL _jC-43475 _bR.81163 |
||
| 999 |
_c135249 _d135249 |
||